000 01101cam1a220027700 4500
001 lce00162916
008 760220s1974 kn cf 000 0 eng
010 _a 76353239 //r873
035 _a(Sirsi) r112545
035 _a(DLC) 76353239 //r873
035 _a(UPRA)lce00162916
040 _dUPRA
041 1 _aeng kor
_heng kor
043 _aa-kn--- a-kr---
_aa-kn--- a-kr---
050 0 _aLC94.K7
_bK5513
082 _a379.519
100 1 _aKim, Il-song, 1912-
_dKim, Il-song, 1912-
_6A40536.1
240 1 0 _aPpanama kija taep'yodan kwa han tamhwa. English
_lPpanama kija taep'yodan kwa han tamhwa. English
245 1 0 _aTalk with the Panamanian journalist delegation, September 1, 1974 /
_cKim Il Sung.
260 _aPyongyang, Korea :
_bForeign Languages Pub. House,
_c1974.
500 _aTranslation of Ppanama kija taep'yodan kwa han tamhwa.
650 0 _aEducation and state -- Korea (North)
_zEducation and state -- Korea (North)
_6S55137.1
650 0 _aKorean reunification question (1945- )
_6S32187.1
949 _aLC94.K7
_wlcc
_i-161332
_mMAIN
_tBOOK
_lON-SHELF
004 112545
999 _c187689
_d187689